First 200 Words of Spinners End Quiz Stats

 Plays Quiz not verified by Sporcle

Score 0/200 Timer 20:00
0 Plays Today
% Correct
the
98.7%
the
98.7%
a
98.7%
a
98.7%
a
98.7%
and
98.7%
the
98.7%
the
98.7%
and
98.7%
a
98.7%
the
98.7%
and
98.7%
the
98.7%
a
98.7%
a
98.7%
the
98.7%
the
98.7%
The
98.7%
The
98.7%
a
98.7%
the
98.7%
a
98.7%
and
98.7%
The
98.7%
the
98.7%
the
98.7%
and
98.7%
the
98.7%
a
98.7%
a
98.7%
and
98.7%
the
98.7%
the
98.7%
The
98.7%
the
98.7%
An
91.4%
of
86.3%
of
86.3%
of
86.3%
of
86.3%
on
86.3%
of
86.3%
of
86.3%
was
86.1%
was
86.1%
in
85.4%
in
85.4%
It
85%
to
84.1%
to
84.1%
to
84.1%
no
81%
no
81%
There
73.5%
There
73.5%
for
73.1%
that
70.9%
that
70.9%
that
70.9%
from
70.6%
from
70.6%
from
70.6%
at
69.8%
out
67.3%
then,
66.7%
then
66.7%
its
65.3%
% Correct
its
65.3%
its
65.3%
light,
65.1%
light,
65.1%
with
61.8%
with
61.8%
With
61.8%
with
61.8%
had
61.6%
had
61.6%
up,
60%
up
60%
green
58.1%
appeared
57.6%
thin
57.6%
down
57.4%
fox
56.1%
fox
56.1%
fox,
56.1%
fox
56.1%
flash
55.6%
But
55.2%
this
55.2%
sound
54.1%
dead.
53.9%
air
52.8%
over
52.5%
over
52.5%
over
52.5%
figure
52.3%
figure
52.3%
figure
52.3%
figure
52.3%
second
49.9%
second
49.9%
some
49.2%
fell
49.2%
ground,
48.6%
black
47.9%
now
46.6%
another
45%
river
43.9%
river.
43.9%
off
43.9%
tall
43%
cloak
43%
bank
40.2%
bank.
40.2%
old
39.1%
grass.
38.9%
grass.
38.9%
hooded
38.4%
hooded
38.4%
place
38.2%
sign
38%
back
37.7%
long
37.5%
turned
36.2%
very
35.5%
pop,
35.1%
pop,
35.1%
life
34.2%
water
33.1%
Many
32.5%
away
31.8%
hiding
29.8%
seemed
29.6%
% Correct
'Wait!'
29.4%
apart
29.1%
apart
29.1%
louder
28.9%
quick
28.5%
edge
27.8%
animal
27.6%
eyes
27.4%
new
26.9%
banks.
26.5%
windows
23.6%
dirty
23.6%
miles
23.4%
few
22.5%
chimney,
21.6%
nose
21.6%
mist
21.4%
startled
20.5%
set
20.3%
moments,
20.1%
take
19.9%
fish
19.6%
yelp,
18.8%
Prime
18.5%
Minister's
18.3%
chip
18.1%
between
17.9%
against
17%
faint
17%
rubbish-
16.8%
bearings
16.8%
mill,
16.6%
strange
16.3%
leapt
15.9%
froze,
15.2%
strewn
15%
cry
14.8%
hopefully
14.3%
wrappings
14.3%
slim
14.3%
upon
14.3%
whisper
14.1%
almost
13.9%
strides,
13.7%
scrawny
12.8%
slunk
12.6%
shadowy
12.1%
wound
11.7%
chilly
11.5%
relic
11.5%
overgrown,
11.3%
disused
11.3%
wary
10.8%
pressed
10.2%
phenomenon.
10.2%
materialised.
9.7%
harsh
9.7%
drifted
8.6%
fixed
8.6%
rustling
8.2%
crouching
8.2%
immense
7.9%
ominous.
7.9%
undergrowth.
7.9%
flat
7.5%
reared
7.1%

You're not logged in!

Compare scores with friends on all Sporcle quizzes.
OR
Log In

Sporcle TV

Today on Sporcle TV


Watch our educational content, quiz creation guides, and fun videos on Sporcle TV.

Show Comments

Extras

Top Quizzes Today


Score Distribution

Your Account Isn't Verified!

In order to create a playlist on Sporcle, you need to verify the email address you used during registration. Go to your Sporcle Settings to finish the process.

Report this User

Report this user for behavior that violates our Community Guidelines.

Details: